| 000 | 00774nam a2200241 4500 | ||
|---|---|---|---|
| 003 | EC-UNACH | ||
| 005 | 20240415150046.0 | ||
| 006 | s||||gr|||| 00| 00 | ||
| 008 | 150116t9999 mx r gr 000 0 spa d | ||
| 040 |
_aEC-UNACH _cEC-UNACH |
||
| 041 | _aspa | ||
| 082 | 0 | 4 |
_223 _a808.8 _bL016374 |
| 100 | _aBiblioteca Ecuatoriana Clásica | ||
| 245 | _aBiblioteca Ecuatoriana Clásica: Tres estudios juridicos. Volumen 39. | ||
| 250 | _aPrimera Edición | ||
| 264 |
_aQuito, Ecuador _bCorporación de estudios y publicaciones. _c1989 |
||
| 300 |
_a726 páginas _c21 centímetros |
||
| 505 | _aIncluye: Índice.-- Prólogo. | ||
| 942 |
_2ddc _c1 |
||
| 999 | _c12772 | ||